000 00711nam a2200241 a 4500
001 BRCA_8223
005 20190320210201.0
008 210514s1955----enkabe#f##---#001-0#eng-#
041 _aeng
044 _aenk
050 4 _aDB16
_b.O35
100 1 _aOgrizek, Doré
_920502
245 1 0 _aAustria
_cedited by Doré Ogrizek ; translated by Walter Longhurst.
260 _aLondres
_bMcGraw-Hill
_c[1955]
300 _a288 p.
_bil., planos, mapas
_c17 cm.
440 0 _aMcGraw-Hill pocket travel guides
_920503
500 _aT13
651 4 _aAustria
_vGuías de viajeros
_920504
651 4 _aAustria
_vDescripción y viajes
_920505
700 1 _aLonghurst, Walter
_etr.
_920506
902 _aGFM
942 _2lcc
_cB
999 _c7891
_d7891